It'd Have Been a Shorter Movie If... The Trilogy Quiz Stats

 Plays Quiz Updated May 17, 2018

Score 0/25 Timer 05:00
1 Play Today
% Correct
Ratatouille
93.4%
Pinocchio
92.8%
Return of the Jedi
91.6%
Rocky IV
91.5%
The Martian
89.6%
There's Something About Mary
87.1%
King Kong
85.7%
The Shawshank Redemption
85%
The Da Vinci Code
84.8%
Mean Girls
84.5%
The Big Lebowski
83.4%
Wayne's World
82.7%
Gone With the Wind
82.4%
% Correct
The Godfather Part III
81.8%
Ghostbusters
78.3%
The Poseidon Adventure
78.1%
Deep Blue Sea
77.7%
Poltergeist
74.9%
Lake Placid
74%
Gangs of New York
72.7%
The Rocky Horror Picture Show
71.6%
28 Days Later
71.2%
Army of Darkness
69.9%
Beetlejuice
60.1%
Joe Versus the Volcano
58.1%

You're not logged in!

Compare scores with friends on all Sporcle quizzes.
OR
Log In

Sporcle TV

Today on Sporcle TV


Watch our educational content, quiz creation guides, and fun videos on Sporcle TV.

Show Comments

Extras

Top Quizzes Today


Score Distribution

Your Account Isn't Verified!

In order to create a playlist on Sporcle, you need to verify the email address you used during registration. Go to your Sporcle Settings to finish the process.

Report this User

Report this user for behavior that violates our Community Guidelines.

Details: